Trouve les personnages de WoW - Statistiques

Statistiques générales
  • Ce quiz a été pris 163 fois
    159 depuis la dernière actualisation
  • Le résultat moyen est 37 sur 115
Statistiques - réponses
Hint Réponse % Correct
Thrall
87%
Sylvanas Coursevent
86%
Anduin Wrynn
82%
Arthas Menethil
80%
Illidan Hurlorage
78%
Jaina Portvaillant
78%
Malfurion Hurlorage
77%
Varian Wrynn
75%
Tyrande Murmevent
73%
Garrosh Hurlenfer
70%
Dragon Aile de mort
66%
Ragnaros
63%
Tauren Baine Sabot-de-sang
61%
Troll Vol'jin Sombrelance
61%
Gul'dan
59%
Erédar Archimonde
54%
Dieu très ancien C'Thun
54%
Sargeras
53%
Yogg-Saron
53%
Ysera
53%
Velen
52%
Gnoll Lardeur
51%
Malygos
51%
N'Zoth
51%
Elfe de Sang Kael'thas Haut-soleil
50%
Uther
50%
Naga Azshara
48%
Nozdormu
48%
Worgen Genn Grisetête
47%
Grommash Hurlenfer
47%
Demi-Dieu Cenarius
45%
Durotan
45%
Magni Barbe-de-Bronze
45%
Y'Shaarj
45%
Elémentaire Al'Akir
44%
Kil'jaeden
43%
Kalecgos
42%
Medivh
42%
Alexstrasza
41%
Khadgar
41%
Onyxia
40%
Nain Brann Barbe-de-Bronze
39%
Haut-Elfe Alleria Coursevent
38%
Seigneur de l'effroi Mal'Ganis
37%
Kel'Thuzad
36%
Bolvar Fordragon
35%
Neptulon
34%
Orgrim Marteau-du-Destin
34%
Zul'jin
34%
Pandaren Chen Brune d'Orage
33%
Muradin Barbe-de-Bronze
33%
Rexxar
33%
Tirion Fordring
33%
Garona Miorque
32%
Nefarian
32%
Chromie
31%
Mort-Vivant Nathanos Marris
31%
Satyre Xavius
31%
Anduin Lothar
30%
Lor'themar Theron
30%
Ogre Cho'gall
29%
Gnome Gelbin Mekkanivelle
28%
Ner'zhul
28%
Valeera Sanguinar
28%
Gobelin Gazleu
26%
Main-Noire
26%
Maiev Chantelombre
25%
Therazane
25%
Vereesa Coursevent
25%
Antonidas
24%
Dame Vashj
24%
Terenas Menethil
23%
Moira Thaurissan
21%
Tichondrius
21%
Xuen
21%
Yrel
21%
Li Li Brune d’Orage
20%
Turalyon
20%
Varimathras
20%
Titan Aggramar
19%
Astre vénérable Chi Ji
19%
Dagran Thaurissan
19%
Yulon
19%
Falstad Marteau-Hardi
15%
Drek'Thar
14%
Edwin VanCleef
14%
Maraad
14%
Niuzao
14%
Jaraxxus
12%
Humain Aegwynn
11%
Kilrogg Œil-mort
11%
Mannoroth
11%
Shandris Pennelune
11%
Daelin Portvaillant
10%
Rhonin
10%
Llane Wrynn
9%
Magatha Totem-Sinistre
9%
Elfe de la Nuit Jarod Chantelombre
7%
Korialstrasz
7%
Mathias Shaw
7%
Vanessa VanCleef
7%
Draeneï Akama
6%
Fandral Forteramure
5%
Shaohao
5%
Orc Broxigar
4%
Galakrond
4%
Krasus
4%
Sally Blanchetête
4%
Thalyssra
4%
Élisande
3%
Leeroy Jenkins
3%
Rehgar Rageterre
3%
ETC
2%
Nat Pagle
2%
Taretha Foxton
0%
Aucun quiz correspondant
Distribution des résultats
% des personnes avec chaque résultat
Percentile par nombre de réponses
Votre historique - résultats
Vous n’avez pas pris ce quiz depuis la dernière actualisation